000
00479nam a2200169Ia 4500
008
090711s9999 xx 000 0 und d
082
_b
74767
100
_a
भालेराव अनंत
245
_a
मांदियाळी
260
_c
1994
300
_a
183
600
_a
भालेराव अनंत
630
_a
मांदियाळी
700
_a
भालेराव अनंत
730
_a
मांदियाळी
942
_c
BOOK
999
_c
292199
_d
292199